[Event "N�-LL 2005/06"]
[Site "?"]
[Date "2005.12.04"]
[Round "7"]
[White "Seidler, Dieter"]
[Black "Posch, Roland"]
[Result "1/2-1/2"]
[WhiteElo "1983"]
[BlackElo "2066"]
[Annotator "Ybbs : Korneuburg"]
[PlyCount "50"]
[EventDate "2005.09.27"]
[SourceDate "2005.12.08"]

1. d4 Nf6 2. c4 e6 3. Nf3 d5 4. e3 Nbd7 5. Nc3 Be7 6. Bd3 O-O 7. O-O c6 8. Qc2
Re8 9. Ne5 Bd6 10. f4 Nf8 11. c5 Be7 12. Bd2 N6d7 13. b4 f6 14. Nf3 b6 15. a4
a5 16. b5 Bb7 17. bxc6 Bxc6 18. cxb6 Nxb6 19. Nb5 Qd7 20. Rfc1 Rec8 21. Qb3 Nc4
22. Kf2 Nxd2 23. Nxd2 Bb4 24. Nf3 Qf7 25. Rc2 Bb7 1/2-1/2

[Event "N�-LL 2005/06"]
[Site "?"]
[Date "2005.12.04"]
[Round "7"]
[White "Koller, Hubert"]
[Black "Stanivukovic, Drago"]
[Result "1-0"]
[WhiteElo "2078"]
[BlackElo "2080"]
[Annotator "Ybbs : Korneuburg"]
[PlyCount "61"]
[EventDate "2005.09.27"]
[SourceDate "2005.12.08"]

1. g3 d5 2. Nf3 c5 3. c4 d4 4. d3 Nc6 5. Bg2 g6 6. O-O Bg7 7. Na3 a6 8. Nc2 h6
9. a3 a5 10. Rb1 e5 11. Nd2 Nge7 12. b4 cxb4 13. axb4 axb4 14. Nxb4 Nxb4 15.
Rxb4 Nc6 16. Rb5 O-O 17. Ne4 Ra5 18. Bd2 Rxb5 19. cxb5 Ne7 20. Bb4 Be6 21. Qc2
Bd5 22. Qc5 Re8 23. Rc1 b6 24. Qc7 Nc8 25. Nd6 Nxd6 26. Bxd5 Nxb5 27. Qxf7+ Kh7
28. Bc6 Qg5 29. Rc4 Nc3 30. Bxe8 Nxe2+ 31. Kf1 1-0

[Event "N�-LL 2005/06"]
[Site "?"]
[Date "2005.12.04"]
[Round "7"]
[White "Szvetits, Rene"]
[Black "Ganaus, Hannes"]
[Result "1/2-1/2"]
[WhiteElo "2046"]
[BlackElo "2368"]
[Annotator "Bad V�slau/Kottingbrunn : St.P�lten"]
[PlyCount "112"]
[EventDate "2005.09.27"]
[SourceDate "2005.12.08"]

1. e4 c6 2. d4 d5 3. Nc3 a6 4. Nf3 Bg4 5. Be2 e6 6. O-O Nf6 7. exd5 cxd5 8. Ne5
Bxe2 9. Nxe2 Be7 10. Nf4 Nc6 11. c3 O-O 12. Nh5 Nxh5 13. Qxh5 Nxe5 14. Qxe5 b5
15. a3 a5 16. Bd2 Bd6 17. Qh5 Qf6 18. Qg5 Qxg5 19. Bxg5 Rfc8 20. Bd2 Rab8 21.
Rfe1 g6 22. h3 Kg7 23. g3 Rc6 24. Kg2 Rb7 25. Re3 Be7 26. Rd3 h6 27. Re3 Bg5
28. f4 Be7 29. Kf3 f5 30. Rd3 Kf7 31. Re1 b4 32. axb4 axb4 33. Ra1 bxc3 34.
Bxc3 Bb4 35. Rc1 Kf6 36. Ke3 g5 37. Kf3 Rc8 38. Re3 Bxc3 39. bxc3 Rb2 40. Re2
Rb3 41. Re3 Rb2 42. Re2 Rcb8 43. Rce1 Rxe2 44. Rxe2 Rb1 45. Kg2 Rc1 46. Re3
Rc2+ 47. Kg1 Ke7 48. h4 g4 49. Kf1 Kd6 50. Ke1 h5 51. Kd1 Rg2 52. Ke1 Kd7 53.
Kf1 Rc2 54. Kg1 Ra2 55. Kf1 Rc2 56. Kg1 Kd6 1/2-1/2

[Event "N�-LL 2005/06"]
[Site "?"]
[Date "2005.12.04"]
[Round "7"]
[White "R�hrl, Karl"]
[Black "Zojer, Stefan"]
[Result "1/2-1/2"]
[WhiteElo "2223"]
[BlackElo "1984"]
[Annotator "Bad V�slau/Kottingbrunn : St.P�lten"]
[PlyCount "58"]
[EventDate "2005.09.27"]
[SourceDate "2005.12.08"]

1. e4 c5 2. Nc3 Nc6 3. f4 e6 4. Nf3 d5 5. Bb5 Nf6 6. Qe2 Be7 7. d3 O-O 8. Bxc6
bxc6 9. O-O Ba6 10. Ne5 Rc8 11. a3 Nd7 12. Nxd7 Qxd7 13. Re1 Bf6 14. e5 Be7 15.
Rd1 Qc7 16. b3 Rfd8 17. Kh1 Rb8 18. Rf1 c4 19. dxc4 dxc4 20. b4 c5 21. b5 Bb7
22. Be3 Bd5 23. a4 f6 24. Qg4 f5 25. Qe2 Bb7 26. Qxc4 Bd5 27. Qe2 Qa5 28. Bd2
Qc7 29. Be3 Qa5 1/2-1/2

[Event "N�-LL 2005/06"]
[Site "?"]
[Date "2005.12.04"]
[Round "7"]
[White "Zojer, Thomas"]
[Black "Pernerstorfer, Johannes"]
[Result "1-0"]
[WhiteElo "2044"]
[BlackElo "2073"]
[Annotator "Bad V�slau/Kottingbrunn : St.P�lten"]
[PlyCount "89"]
[EventDate "2005.09.27"]
[SourceDate "2005.12.08"]

1. d4 Nf6 2. Nf3 b6 3. c4 e6 4. Nc3 Bb7 5. e3 Bb4 6. a3 Bxc3+ 7. bxc3 O-O 8.
Bd3 d6 9. O-O Nbd7 10. Nd2 e5 11. e4 Re8 12. Re1 Nf8 13. f3 Ng6 14. g3 Qc8 15.
Nf1 Bc6 16. Ne3 Bd7 17. Ra2 Bh3 18. Bf1 h5 19. Bxh3 Qxh3 20. Rg2 Ne7 21. Kh1
Qd7 22. g4 hxg4 23. Nxg4 Nxg4 24. Rxg4 Ng6 25. Reg1 Qe6 26. d5 Qd7 27. h4 Kf8
28. Kh2 Nf4 29. Bxf4 exf4 30. Rxg7 Qd8 31. R1g4 Qf6 32. Qd4 Ke7 33. Qxf6+ Kxf6
34. R7g5 b5 35. Rxf4+ Ke7 36. Rg7 Rf8 37. cxb5 a6 38. a4 axb5 39. axb5 Ra3 40.
c4 Rc3 41. h5 Rxc4 42. h6 Ra4 43. h7 Raa8 44. Kg3 Ra1 45. Rgxf7+ 1-0

[Event "N�-LL 2005/06"]
[Site "?"]
[Date "2005.12.04"]
[Round "7"]
[White "Hangweyrer, Manfred"]
[Black "Heimberger, Reinhard"]
[Result "1/2-1/2"]
[WhiteElo "2327"]
[BlackElo "2268"]
[Annotator "B�hlerwerk : Stockerau"]
[PlyCount "82"]
[EventDate "2005.09.27"]
[SourceDate "2005.12.09"]

1. e4 c5 2. Nf3 e6 3. c3 Nf6 4. e5 Nd5 5. g3 d6 6. exd6 Bxd6 7. Bg2 O-O 8. O-O
Nc6 9. d4 cxd4 10. Nxd4 Nxd4 11. Qxd4 Qc7 12. Nd2 Bd7 13. Ne4 Be5 14. Qd3 Rac8
15. Re1 h6 16. f4 Qb6+ 17. Kh1 Bb5 18. Qf3 Bb8 19. f5 exf5 20. Qxf5 Rfd8 21. b3
Bd3 22. Qf3 Bxe4 23. Rxe4 Qf6 24. Ba3 Qxc3 25. Rae1 Bd6 26. Bxd6 Rxd6 27. Rd1
Rf6 28. Qe2 Nb6 29. Re7 Qc5 30. Re5 Qc7 31. Re7 Qc5 32. Re8+ Rxe8 33. Qxe8+ Kh7
34. Qe4+ g6 35. Qxb7 Qc2 36. Rf1 Rxf1+ 37. Bxf1 Qf2 38. Qg2 Qf6 39. h3 Nd5 40.
Be2 Qe5 41. Bc4 Ne3 1/2-1/2

[Event "N�-LL 2005/06"]
[Site "?"]
[Date "2005.12.04"]
[Round "7"]
[White "Loidl, Florian"]
[Black "Gr�tz, Harald"]
[Result "0-1"]
[WhiteElo "2132"]
[BlackElo "2296"]
[Annotator "B�hlerwerk : Stockerau"]
[PlyCount "90"]
[EventDate "2005.09.27"]
[SourceDate "2005.12.09"]

1. e4 c5 2. Nf3 d6 3. c4 Nc6 4. h3 g6 5. Nc3 Bg7 6. d3 e6 7. Bg5 Nge7 8. Qd2 h6
9. Be3 Nd4 10. Be2 O-O 11. Bxh6 Nc2+ 12. Qxc2 Bxh6 13. d4 a6 14. dxc5 dxc5 15.
Rd1 Qc7 16. O-O Nc6 17. Rfe1 Bg7 18. Bd3 Nd4 19. Nxd4 cxd4 20. Ne2 e5 21. Rf1
Be6 22. f4 Rac8 23. b3 b5 24. Rc1 bxc4 25. Bxc4 Bxc4 26. bxc4 Qc5 27. Qd3 Rfe8
28. Kh1 f5 29. fxe5 Qxe5 30. c5 fxe4 31. Qc4+ Kh7 32. Nf4 Rc6 33. Qa4 Rec8 34.
Rce1 Rf6 35. Qd7 Rxc5 36. Qg4 Rcc6 37. h4 d3 38. Nh3 d2 39. Ng5+ Kg8 40. Qd7
dxe1=Q 41. Rxe1 e3 42. Nf7 Qe6 43. Qd8+ Kxf7 44. Rb1 Bf8 45. Rb7+ Kg8 0-1

[Event "N�-LL 2005/06"]
[Site "?"]
[Date "2005.12.04"]
[Round "7"]
[White "Batyte, Daiva"]
[Black "Brandst�tter, Friedrich"]
[Result "1-0"]
[WhiteElo "2180"]
[BlackElo "2108"]
[Annotator "B�hlerwerk : Stockerau"]
[PlyCount "57"]
[EventDate "2005.09.27"]
[SourceDate "2005.12.09"]

1. e4 c5 2. Nf3 Nc6 3. c3 d5 4. exd5 Qxd5 5. d4 Nf6 6. Be2 cxd4 7. cxd4 e6 8.
Nc3 Qd6 9. O-O Be7 10. Bg5 O-O 11. Qd2 b6 12. Bf4 Qd8 13. Rac1 Bb7 14. Rfd1 Rc8
15. Bd3 Nb4 16. Be2 Nbd5 17. Be5 Nxc3 18. bxc3 a6 19. c4 b5 20. d5 exd5 21.
cxb5 axb5 22. Rxc8 Bxc8 23. Bxb5 Bb7 24. a4 Ne4 25. Qf4 Qa5 26. Nd4 Bg5 27. Qf3
Qc3 28. Bd3 Bf6 29. Bxf6 1-0

[Event "N�-LL 2005/06"]
[Site "?"]
[Date "2005.12.04"]
[Round "7"]
[White "Neumann, Christian"]
[Black "Schmid, Thomas"]
[Result "1/2-1/2"]
[WhiteElo "1999"]
[BlackElo "2085"]
[Annotator "B�hlerwerk : Stockerau"]
[PlyCount "100"]
[EventDate "2005.09.27"]
[SourceDate "2005.12.09"]

1. e4 c5 2. Nf3 d6 3. d4 cxd4 4. Nxd4 Nf6 5. Nc3 e6 6. Be3 Be7 7. f4 O-O 8. Qf3
Nc6 9. O-O-O Qc7 10. g4 Nxd4 11. Bxd4 e5 12. g5 exd4 13. gxf6 dxc3 14. fxe7
cxb2+ 15. Kxb2 Qxe7 16. Rg1 f5 17. Bc4+ Kh8 18. Rge1 Be6 19. Bxe6 Qxe6 20. exf5
Qxf5 21. Rxd6 Rac8 22. Qe4 Qxf4 23. Qxf4 Rxf4 24. Re3 Rf7 25. Rc3 h6 26. Rg3
Rfc7 27. c3 Rf8 28. h3 Rf4 29. Rdg6 Rfc4 30. Kb3 Kh7 31. Rxg7+ Rxg7 32. Rxg7+
Kxg7 33. Kxc4 Kf6 34. a4 Ke5 35. a5 Kd6 36. Kd4 Kc6 37. Kc4 h5 38. Kb4 h4 39.
a6 bxa6 40. Ka5 Kc5 41. Kxa6 Kc4 42. Kxa7 Kxc3 43. Kb6 Kc4 44. Ka5 Kd3 45. Kb4
Ke3 46. Kc3 Kf2 47. Kd2 Kg2 48. Ke2 Kxh3 49. Kf3 Kh2 50. Kf2 Kh1 1/2-1/2

[Event "N�-LL 2005/06"]
[Site "?"]
[Date "2005.12.04"]
[Round "7"]
[White "Wukits, Rene"]
[Black "Volkmann, Friedrich"]
[Result "1-0"]
[WhiteElo "2329"]
[BlackElo "2416"]
[Annotator "Wr.Neustadt : Ternitz/Gloggnitz"]
[PlyCount "87"]
[EventDate "2005.12.04"]
[SourceDate "2005.12.04"]

1. c4 c6 2. d4 d5 3. Nf3 Nf6 4. Nc3 e6 5. Bg5 Nbd7 6. e3 Qa5 7. cxd5 Nxd5 8.
Qd2 Bb4 9. Rc1 h6 10. Bh4 O-O 11. a3 Bxc3 12. bxc3 Qxa3 13. e4 Ne7 14. Bd3 Ng6
15. Bg3 e5 16. h4 Re8 17. h5 Nf4 18. Bxf4 exf4 19. Qxf4 Nf6 20. Ne5 Be6 21. O-O
Nxh5 22. Qh4 Nf6 23. f4 a5 24. f5 Bb3 25. Nf3 Qe7 26. Nd2 a4 27. e5 Nd5 28. f6
Nxf6 29. Rxf6 gxf6 30. Qxh6 f5 31. Bxf5 f6 32. Ne4 Qg7 33. Nxf6+ Kf8 34. Qd2
Re6 35. Bxe6 Bxe6 36. Rf1 Ke7 37. c4 c5 38. dxc5 Rd8 39. Qb4 Bc8 40. Nd5+ Ke8
41. c6 bxc6 42. Nc7+ Qxc7 43. Qf8+ Kd7 44. Qf7# 1-0



 Qf7# 1-0

[Event "N�-LL 2005/06"]
[Site "?"]
[Date "2005.12.04"]
[Round "7"]
[White "Todor, Razvan"]
[Black "Degen, Gerhard"]
[Result "1/2-1/2"]
[WhiteElo "2153"]
[BlackElo "2117"]
[Annotator "Wr.Neustadt : Ternitz/Gloggnitz"]
[PlyCount "47"]
[EventDate "2005.12.04"]
[SourceDate "2005.12.04"]

1. c4 Nf6 2. Nc3 e5 3. Nf3 Nc6 4. g3 Bb4 5. Qc2 O-O 6. Bg2 Re8 7. O-O Nd4 8.
Qd1 c6 9. d3 h6 10. Nd2 d5 11. a3 Bf8 12. e3 Ne6 13. Ne2 d4 14. e4 a5 15. b3
Nc5 16. Qc2 Bg4 17. f3 Bc8 18. Bb2 Ne6 19. Rae1 Bd6 20. Bc1 Qc7 21. Nb1 b5 22.
f4 Ng4 23. h3 Ne3 24. Bxe3 1/2-1/2



3 1/2-1/2

[Event "N�-LL 2005/06"]
[Site "?"]
[Date "2005.12.04"]
[Round "7"]
[White "Braun, Karl-Heinz"]
[Black "Lucaci, Marius"]
[Result "1/2-1/2"]
[WhiteElo "2103"]
[BlackElo "2153"]
[Annotator "Wr.Neustadt : Ternitz/Gloggnitz"]
[PlyCount "42"]
[EventDate "2005.12.04"]
[SourceDate "2005.12.04"]
[BlackTeam " "]

1. e4 e6 2. d4 d5 3. exd5 exd5 4. Bd3 Bd6 5. Nf3 Nf6 6. O-O O-O 7. Bg5 Nbd7 8.
Nbd2 c5 9. c3 Qc7 10. h3 h6 11. Bxf6 Nxf6 12. dxc5 Bxc5 13. Nb3 Bb6 14. Nbd4
Re8 15. Bf5 Bxf5 16. Nxf5 Qf4 17. Qd3 Ne4 18. N5d4 Rad8 19. Rad1 a6 20. Rfe1
Rd6 21. Re3 Rc8 1/2-1/2

[Event "N�-LL 2005/06"]
[Site "?"]
[Date "2005.12.04"]
[Round "7"]
[White "Steiner, Adam"]
[Black "Weninger, Robert"]
[Result "1-0"]
[WhiteElo "2131"]
[BlackElo "2028"]
[Annotator "Wr.Neustadt : Ternitz/Gloggnitz"]
[PlyCount "49"]
[EventDate "2005.09.01"]
[SourceDate "2005.07.10"]
[WhiteTeam " "]

1. e4 c5 2. a3 d6 3. b4 Nf6 4. Nc3 g6 5. Bc4 Bg7 6. Nf3 O-O 7. Rb1 Nxe4 8. Nxe4
d5 9. Bxd5 Qxd5 10. Nxc5 b6 11. Nb3 Qe4+ 12. Kf1 e5 13. d3 Rd8 14. Bg5 Qd5 15.
Bxd8 Qxd8 16. Qe2 Qe7 17. Re1 f6 18. d4 a5 19. b5 a4 20. Nbd2 Bf5 21. dxe5 fxe5
22. Nxe5 Nd7 23. Qc4+ Be6 24. Qc6 Re8 25. Nxd7 1-0

[Event "N�-LL 2005/06"]
[Site "?"]
[Date "2005.12.04"]
[Round "7"]
[White "Kropik, Martin"]
[Black "Thoma, Wilhelm"]
[Result "0-1"]
[WhiteElo "2112"]
[BlackElo "2095"]
[Annotator "Mauerbach : Waidhofen"]
[PlyCount "44"]
[EventDate "2005.??.??"]

1. d4 {0} 1... d5 {0} 2. c4 e6 3. Nc3 Nf6 4. Bg5 Be7 5. cxd5 exd5 6. Qc2 c6 7.
e3 Nbd7 8. Bd3 O-O 9. Nge2 Re8 10. O-O g6 11. f3 Nh5 12. Bxe7 Qxe7 13. e4 Nb6
14. e5 c5 15. Bb5 Rd8 16. f4 a6 17. Ba4 cxd4 18. Nxd4 Qb4 19. Rad1 Nc4 20. Rd3
Qxb2 21. Qd1 Qb6 22. Kh1 Nb2 0-1

[Event "N�-LL 2005/06"]
[Site "?"]
[Date "2005.12.04"]
[Round "7"]
[White "Schorn, Christoph"]
[Black "Svanda, Pavel"]
[Result "0-1"]
[WhiteElo "2162"]
[BlackElo "2239"]
[Annotator "Mauerbach : Waidhofen"]
[PlyCount "70"]
[EventDate "2005.??.??"]

1. e4 c5 2. Nf3 d6 3. d4 cxd4 4. Nxd4 Nf6 5. Nc3 e6 6. g4 Be7 7. g5 Nfd7 8. h4
a6 9. Be3 b5 10. a3 Bb7 11. Qh5 O-O 12. O-O-O Nc6 13. f4 Qc7 14. Bh3 Nxd4 15.
Bxd4 e5 16. Be3 exf4 17. Bxf4 Rad8 18. Nd5 Bxd5 19. exd5 Qc4 20. Qf3 Ne5 21.
Bxe5 dxe5 22. Kb1 e4 23. Qf5 g6 24. Qe5 Bd6 25. Qf6 Rfe8 26. Rhf1 Qc7 27. h5
Be5 28. Qxa6 e3 29. Rfe1 Rd6 30. Qxb5 Rb8 31. Qd3 Rxb2+ 32. Kc1 Rxd5 33. Qe4
Rc5 34. Re2 Qb8 35. c4 Rxe2 0-1

[Event "N�-LL 2005/06"]
[Site "?"]
[Date "2005.12.04"]
[Round "7"]
[White "Mahdy, Khaled"]
[Black "Penz, Harald"]
[Result "0-1"]
[WhiteElo "2337"]
[BlackElo "2283"]
[Annotator "Mauerbach : Waidhofen"]
[PlyCount "100"]
[EventDate "2005.??.??"]

1. e4 e5 2. Nf3 Nf6 3. Nxe5 d6 4. Nf3 Nxe4 5. c4 Be7 6. d4 Nc6 7. Nc3 Nxc3 8.
bxc3 Bf5 9. Bd3 Bxd3 10. Qxd3 O-O 11. O-O Bf6 12. Rb1 b6 13. Rb5 g6 14. h4 a6
15. Rb2 Re8 16. Bg5 Na5 17. Re2 Rxe2 18. Qxe2 Bxg5 19. hxg5 Qd7 20. Re1 Kf8 21.
c5 b5 22. cxd6 cxd6 23. Nd2 Re8 24. Qxe8+ Qxe8 25. Rxe8+ Kxe8 26. Ne4 Ke7 27.
g4 Ke6 28. f3 Kd5 29. Kf2 Kc4 30. Nxd6+ Kxc3 31. Nxf7 Kxd4 32. Nd8 Ke5 33. Kg3
Kd6 34. Nf7+ Ke6 35. Nh6 Nc6 36. f4 Nb4 37. f5+ Ke7 38. Ng8+ Kf7 39. Nf6 Nxa2
40. Ne4 b4 41. Nc5 Nc1 42. Kf3 b3 43. Na4 Nd3 44. Ke3 b2 45. Nc3 Ne5 46. Kd2
Nxg4 47. fxg6+ Kxg6 48. Kc2 Kxg5 49. Kxb2 h5 50. Ne2 Ne5 0-1

[Event "N�-LL 2005/06"]
[Site "?"]
[Date "2005.12.18"]
[Round "8"]
[White "Hangweyrer, Manfred"]
[Black "Wukits, Rene"]
[Result "1/2-1/2"]
[WhiteElo "2327"]
[BlackElo "2329"]
[Annotator "Ternitz/Gloggnitz : Stockerau"]
[PlyCount "63"]
[EventDate "2005.09.27"]
[SourceDate "2005.12.21"]

1. Nf3 d5 2. g3 Bg4 3. Bg2 Nd7 4. d4 c6 5. O-O Qb6 6. Nbd2 Ngf6 7. c3 e6 8. Re1
Be7 9. e4 dxe4 10. Nxe4 O-O 11. Qb3 Nxe4 12. Rxe4 Bf5 13. Re1 a5 14. Ne5 Qxb3
15. axb3 Nxe5 16. Rxe5 Bd8 17. Re2 Bc7 18. Be3 Rad8 19. h3 Rfe8 20. Rae1 Bd3
21. Rd2 Bg6 22. Bf3 e5 23. dxe5 Rxd2 24. Bxd2 Rxe5 25. Ra1 Re8 26. b4 axb4 27.
Ra7 bxc3 28. Bxc3 Rb8 29. Bxc6 bxc6 30. Rxc7 Be4 31. f4 Re8 32. Kf2 1/2-1/2

[Event "N�-LL 2005/06"]
[Site "?"]
[Date "2005.12.18"]
[Round "8"]
[White "Degen, Gerhard"]
[Black "Gr�tz, Harald"]
[Result "0-1"]
[WhiteElo "2117"]
[BlackElo "2296"]
[Annotator "Ternitz/Gloggnitz : Stockerau"]
[PlyCount "64"]
[EventDate "2005.09.27"]
[SourceDate "2005.12.21"]

1. d4 Nf6 2. c4 g6 3. Nc3 Bg7 4. e4 d6 5. h3 O-O 6. Nf3 e5 7. d5 c6 8. Bg5 h6
9. Be3 cxd5 10. cxd5 Na6 11. g4 Nc5 12. Nd2 Bd7 13. Be2 Rc8 14. O-O Nh7 15. Kg2
f5 16. f3 Qh4 17. Qe1 Qe7 18. Kh1 h5 19. Rg1 hxg4 20. hxg4 f4 21. Bf2 Ng5 22.
Kg2 Kf7 23. Rh1 Rh8 24. Bh4 Bf6 25. Rc1 Kg7 26. Qf2 Ngxe4 27. Bxf6+ Nxf6 28. b4
Na6 29. a3 Rxh1 30. Kxh1 Nxd5 31. Nde4 Ne3 32. Kg1 d5 0-1

[Event "N�-LL 2005/06"]
[Site "?"]
[Date "2005.12.18"]
[Round "8"]
[White "Batyte, Daiva"]
[Black "Braun, Karl Heinz"]
[Result "1/2-1/2"]
[WhiteElo "2180"]
[BlackElo "2103"]
[Annotator "Ternitz/Gloggnitz : Stockerau"]
[PlyCount "80"]
[EventDate "2005.09.27"]
[SourceDate "2005.12.21"]

1. e4 e5 2. Nf3 Nc6 3. Bc4 Be7 4. O-O Nf6 5. Nc3 O-O 6. d4 exd4 7. Nxd4 Nxd4 8.
Qxd4 d6 9. Bf4 Ng4 10. Rad1 Bf6 11. Qd2 Bxc3 12. Qxc3 Qf6 13. Qxf6 Nxf6 14. e5
Nh5 15. Bg5 dxe5 16. Rfe1 h6 17. Be7 Re8 18. Rxe5 Nf4 19. Rde1 Bd7 20. Bc5 b6
21. Bd4 Rxe5 22. Rxe5 Be6 23. Bxe6 Nxe6 24. Be3 Rd8 25. f4 Kf8 26. f5 Rd1+ 27.
Kf2 Nd8 28. Ke2 Rd7 29. f6 Ne6 30. c3 g5 31. h4 Rd6 32. g3 a6 33. a4 Kg8 34.
hxg5 hxg5 35. Bxg5 Kh7 36. Bh4 Kg6 37. g4 Nf4+ 38. Kf3 Ne6 39. Re2 Rd3+ 40. Re3
Rd2 1/2-1/2

[Event "N�-LL 2005/06"]
[Site "?"]
[Date "2005.12.18"]
[Round "8"]
[White "Zuser, Franz"]
[Black "Sadilek, Maximilian"]
[Result "1/2-1/2"]
[WhiteElo "2073"]
[BlackElo "2105"]
[Annotator "Ternitz/Gloggnitz : Stockerau"]
[PlyCount "57"]
[EventDate "2005.09.27"]
[SourceDate "2005.12.21"]

1. d4 Nf6 2. Nf3 c5 3. c4 cxd4 4. Nxd4 e5 5. Nf3 Qc7 6. e3 b5 7. cxb5 d5 8. Be2
Bd6 9. Nc3 Bb7 10. Bd2 O-O 11. Rc1 Qe7 12. Qa4 Ne4 13. Nxe4 dxe4 14. Ng1 a6 15.
a3 axb5 16. Qxb5 Na6 17. b4 Rfc8 18. Rxc8+ Rxc8 19. Qa4 Nc7 20. Qb3 Bd5 21. Bc4
Qe6 22. Bxd5 Nxd5 23. Ne2 Nxb4 24. Qxe6 Nd3+ 25. Kf1 fxe6 26. Nc3 Bxa3 27. Nxe4
Nc1 28. g3 Rc4 29. Bxc1 1/2-1/2

[Event "N�-LL 2005/06"]
[Site "?"]
[Date "2005.12.18"]
[Round "8"]
[White "Hellmayr, Alois"]
[Black "Weinzettl, Ernst"]
[Result "1/2-1/2"]
[WhiteElo "2276"]
[BlackElo "2325"]
[Annotator "P�chlarn : B�hlerwerk"]
[PlyCount "23"]
[EventDate "2005.09.27"]
[SourceDate "2005.12.21"]

1. Nf3 c5 2. b3 Nf6 3. Bb2 e6 4. e3 Be7 5. c4 O-O 6. Be2 d5 7. O-O Nc6 8. cxd5
exd5 9. d4 Bg4 10. Nc3 a6 11. Rc1 Bxf3 12. Bxf3 1/2-1/2

[Event "N�-LL 2005/06"]
[Site "?"]
[Date "2005.12.18"]
[Round "8"]
[White "Wei�, Christian"]
[Black "Heimberger, Reinhard"]
[Result "1-0"]
[WhiteElo "2397"]
[BlackElo "2268"]
[Annotator "P�chlarn : B�hlerwerk"]
[PlyCount "135"]
[EventDate "2005.09.27"]
[SourceDate "2005.12.21"]

1. d4 d5 2. c4 e6 3. Nc3 Nf6 4. Bg5 Be7 5. e3 c6 6. Nf3 Nbd7 7. Bd3 O-O 8. O-O
dxc4 9. Bxc4 b5 10. Bd3 a6 11. a4 Bb7 12. Qe2 b4 13. Bxf6 Nxf6 14. Ne4 Nxe4 15.
Bxe4 Bd6 16. Rac1 Rc8 17. Rc2 Rc7 18. Rfc1 Qa8 19. Nd2 f5 20. Bf3 a5 21. b3 Ba6
22. Qd1 Rfc8 23. Nc4 Bxc4 24. Rxc4 Qa6 25. Qc2 c5 26. d5 Be7 27. Rd1 Kh8 28.
Be2 Qb6 29. Rf4 Rf8 30. Bc4 exd5 31. Rxd5 g6 32. e4 Bg5 33. Rf3 Re8 34. h4 Bf6
35. exf5 Bd4 36. fxg6 Qxg6 37. Qxg6 hxg6 38. g3 Re5 39. Rd8+ Kg7 40. Kg2 Ree7
41. Rf4 Rcd7 42. Ra8 Ra7 43. Rxa7 Rxa7 44. Re4 Bf6 45. Re6 Rd7 46. Ra6 Bd8 47.
Kf3 Rd4 48. Ke3 Rd7 49. f4 Bc7 50. Kf3 Bd8 51. Ke3 Rd1 52. Ra7+ Kf8 53. Rf7+
Ke8 54. Rg7 Rd6 55. Bf7+ Kf8 56. Rxg6 Bf6 57. Rxf6 Rxf6 58. Bc4 Rg6 59. Kf3 Rd6
60. g4 Rd4 61. Ke3 Rd1 62. h5 Rg1 63. g5 Re1+ 64. Kd3 Rd1+ 65. Ke4 Rd4+ 66. Ke3
Rd1 67. h6 Re1+ 68. Kd3 1-0

[Event "N�-LL 2005/06"]
[Site "?"]
[Date "2005.12.18"]
[Round "8"]
[White "Brandst�tter, Friedrich"]
[Black "Knoll, Hermann"]
[Result "0-1"]
[WhiteElo "2108"]
[BlackElo "2344"]
[Annotator "P�chlarn : B�hlerwerk"]
[PlyCount "122"]
[EventDate "2005.09.27"]
[SourceDate "2005.12.21"]

1. e4 e5 2. Nf3 Nc6 3. Bb5 a6 4. Ba4 Nf6 5. O-O Be7 6. Re1 b5 7. Bb3 d6 8. c3
O-O 9. h3 Nb8 10. d4 Nbd7 11. Nbd2 Bb7 12. a4 c5 13. Bc2 Re8 14. d5 c4 15. Nf1
Bf8 16. Ng3 g6 17. Bg5 h6 18. Be3 Qc7 19. Qd2 Kh7 20. Nh2 Nc5 21. Ng4 Ng8 22.
f4 h5 23. Nf2 Bg7 24. f5 Nf6 25. Bg5 Rab8 26. Qe2 Kg8 27. Nf1 Nh7 28. Bd2 Bc8
29. g4 hxg4 30. hxg4 Qe7 31. Kg2 Bd7 32. axb5 Bxb5 33. Ng3 Ng5 34. Rh1 Bf6 35.
Rh2 Kg7 36. Rah1 Rh8 37. Qd1 Bd7 38. Bc1 Rxh2+ 39. Rxh2 Rh8 40. Rxh8 Kxh8 41.
Be3 Kg7 42. Nf1 Bb5 43. Bxc5 dxc5 44. Ba4 Qd7 45. Bxb5 axb5 46. Ne3 Nh7 47. Qa1
Bg5 48. Nfd1 Nf6 49. Kf3 Qb7 50. Qa5 Qb8 51. fxg6 fxg6 52. Nf2 Nd7 53. Ke2 Qb7
54. Nh3 Be7 55. Ng1 Nf6 56. Nf3 Nxe4 57. Nxe5 Qb8 58. Nf3 Bg5 59. Nf1 Qf4 60.
Qxb5 Ng3+ 61. Kf2 Nxf1 0-1

[Event "N�-LL 2005/06"]
[Site "?"]
[Date "2005.12.18"]
[Round "8"]
[White "W�ber, Friedrich"]
[Black "Mahdy, Khaled"]
[Result "0-1"]
[WhiteElo "2155"]
[BlackElo "2337"]
[Annotator "Waidhofen : Krems"]
[PlyCount "138"]
[EventDate "2005.09.27"]
[SourceDate "2005.12.22"]

1. e4 Nc6 2. Nf3 d6 3. d4 Bg4 4. Be2 Nf6 5. Nc3 e6 6. O-O Be7 7. Be3 O-O 8. Nd2
Bxe2 9. Qxe2 e5 10. dxe5 Nxe5 11. Rad1 Re8 12. Nc4 Qc8 13. Nxe5 dxe5 14. Qc4 c6
15. a4 a5 16. h3 Bb4 17. Ne2 b5 18. axb5 cxb5 19. Qxc8 Rexc8 20. c3 Bf8 21. Ng3
a4 22. Bg5 Ne8 23. Nf5 a3 24. bxa3 f6 25. Bc1 Rxc3 26. Rd7 Rc4 27. Rb7 Rxe4 28.
Rxb5 Rea4 29. Rb7 R4a7 30. Rxa7 Rxa7 31. Rd1 Kf7 32. Rd3 g6 33. Ne3 Nd6 34. Rb3
Ne4 35. f3 Nc5 36. Rc3 Ne6 37. Nd5 Bc5+ 38. Kf1 Rd7 39. Ne3 h5 40. h4 Bd4 41.
Rc6 Bc5 42. g3 Rd3 43. Ke2 Rb3 44. Rc8 Nd4+ 45. Kf2 Bxa3 46. Bxa3 Rxa3 47. g4
Ra2+ 48. Kg3 f5 49. gxf5 gxf5 50. Ng2 Ra3 51. Ne1 Nxf3 52. Nxf3 e4 53. Kf4
Rxf3+ 54. Ke5 e3 55. Rc7+ Ke8 56. Kf6 Kd8 57. Re7 f4 58. Re4 Rf1 59. Kg5 f3 60.
Rxe3 f2 61. Rd3+ Ke7 62. Re3+ Kd6 63. Rd3+ Ke6 64. Re3+ Kd5 65. Kxh5 Re1 66.
Rf3 f1=Q 67. Rxf1 Rxf1 68. Kg6 Ke6 69. h5 Rg1+ 0-1

[Event "N�-LL 2005/06"]
[Site "?"]
[Date "2005.12.18"]
[Round "8"]
[White "Polsterer, Heinz"]
[Black "Kropik, Martin"]
[Result "1-0"]
[WhiteElo "2023"]
[BlackElo "2112"]
[Annotator "Waidhofen : Krems"]
[PlyCount "57"]
[EventDate "2005.09.27"]
[SourceDate "2005.12.22"]

1. e4 d6 2. d4 g6 3. f4 Bg7 4. Nf3 Nd7 5. Bc4 a6 6. O-O c5 7. c3 b5 8. Bd5 Rb8
9. Bxf7+ Kxf7 10. Ng5+ Ke8 11. Ne6 Qb6 12. Nxg7+ Kf7 13. Ne6 Kxe6 14. f5+ gxf5
15. d5+ Kf7 16. Qh5+ Kf8 17. Rxf5+ Ndf6 18. Rf3 h6 19. Be3 Qd8 20. Nd2 Qe8 21.
Qh4 Qg6 22. e5 dxe5 23. Bxc5 Ke8 24. d6 Nd7 25. dxe7 Ngf6 26. Raf1 Nh7 27. Rf8+
Nhxf8 28. exf8=Q+ Nxf8 29. Qe7# 1-0

[Event "N�-LL 2005/06"]
[Site "?"]
[Date "2005.12.18"]
[Round "8"]
[White "Rosenauer, Harald"]
[Black "Walter, Martin"]
[Result "1/2-1/2"]
[WhiteElo "1956"]
[BlackElo "1997"]
[Annotator "Waidhofen : Krems"]
[PlyCount "39"]
[EventDate "2005.09.27"]
[SourceDate "2005.12.22"]

1. e4 c5 2. d3 Nc6 3. g3 g6 4. Bg2 Bg7 5. Nf3 d6 6. O-O e6 7. c3 Nge7 8. Be3
O-O 9. Qd2 f5 10. Bh6 e5 11. Bxg7 Kxg7 12. exf5 Bxf5 13. d4 Bg4 14. Ng5 cxd4
15. cxd4 Nxd4 16. h3 Bd7 17. Qd1 Qb6 18. Nc3 Qxb2 19. Nge4 Rac8 20. Rb1 1/2-1/2